Loading...
| Science - Chemistry | 0 | 7 | 0 | 1 | 70 | 72 | 105.14 | 1 | 1 | 13.95 | 27.75 |
| Fine Arts - Classical Music and Opera | 4 | 2 | 2 | 0 | 70 | 36 | 70.83 | 1 | 4 | 24.34 | 35.76 |
| Literature - World | 2 | 4 | 1 | 2 | 65 | 23 | 105.50 | 2 | 2 | 14.57 | 27.00 |
| Science - Physics | 2 | 3 | 0 | 1 | 60 | 49 | 93.60 | 0 | 1 | 13.67 | 24.91 |
| Fine Arts - Other Arts | 1 | 4 | 1 | 2 | 50 | 55 | 120.00 | 1 | 1 | 6.43 | 19.85 |
| Literature - American | 0 | 5 | 0 | 1 | 50 | 92 | 133.80 | 0 | 1 | 5.90 | 15.77 |
| Literature - British | 0 | 5 | 2 | 1 | 40 | 92 | 123.40 | 1 | 2 | 8.29 | 23.08 |
| Literature - European | 0 | 4 | 1 | 0 | 35 | 122 | 132.50 | 0 | 2 | 5.40 | 20.54 |
| Mythology | 0 | 3 | 0 | 1 | 30 | 95 | 130.33 | 0 | 0 | 6.60 | 18.79 |
| History - European | 0 | 4 | 2 | 2 | 30 | 99 | 128.25 | 0 | 0 | 3.97 | 10.27 |
| History - World | 0 | 4 | 2 | 1 | 30 | 136 | 142.75 | 0 | 1 | 1.16 | 11.05 |
| Philosophy | 0 | 4 | 2 | 0 | 30 | 96 | 123.50 | 1 | 1 | 4.96 | 20.55 |
| Science - Biology | 1 | 3 | 3 | 0 | 30 | 10 | 100.75 | 2 | 3 | 8.14 | 26.15 |
| Fine Arts - Painting and Sculpture | 0 | 3 | 1 | 1 | 25 | 89 | 117.00 | 1 | 2 | 4.98 | 16.85 |
| Other Academic | 0 | 2 | 0 | 1 | 20 | 142 | 144.50 | 0 | 0 | 0.98 | 9.44 |
| Other Science (Math) | 0 | 3 | 2 | 1 | 20 | 117 | 128.33 | 0 | 2 | 6.38 | 35.81 |
| Religion | 0 | 2 | 1 | 1 | 15 | 133 | 133.00 | 0 | 0 | 1.36 | 5.58 |
| History - Other | 0 | 2 | 1 | 0 | 15 | 115 | 117.00 | 0 | 0 | 3.47 | 8.72 |
| Other Culture | 1 | 0 | 0 | 0 | 15 | 74 | 74.00 | 0 | 1 | 13.36 | 20.83 |
| Other Science (Engineering) | 0 | 1 | 0 | 0 | 10 | 129 | 129.00 | 0 | 0 | 9.79 | 40.00 |
| Geography | 0 | 1 | 0 | 0 | 10 | 144 | 144.00 | 0 | 0 | 0.23 | 8.89 |
| Other Science (Astronomy) | 0 | 1 | 0 | 1 | 10 | 136 | 136.00 | 0 | 0 | 0.36 | 36.67 |
| History - American | 0 | 2 | 3 | 1 | 5 | 129 | 146.00 | 0 | 0 | 1.36 | 4.10 |
| Social Science | 0 | 1 | 2 | 0 | 0 | 98 | 98.00 | 0 | 1 | 2.46 | 5.64 |